Movies Quiz

Random Movies or Letter Quiz

'U' Movies by Picture Quiz Stats

Quiz Updated Mar 11, 2013

Challenge
Share
Tweet
Score 0/25 Timer 06:00
0 Plays Today
Movie % Correct
Underdog
75.9%
Underworld
72.2%
Uncle Buck
67.2%
The Usual Suspects
64.9%
Up in the Air
48.8%
Unbreakable
45.4%
Unforgiven
45.1%
The Untouchables
42%
Urban Cowboy
40.6%
Up in Smoke
39.4%
Under Siege
26.8%
Unstoppable
26.7%
Universal Soldier
26.5%
Movie % Correct
Undercover Brother
26.3%
Under the Tuscan Sun
26.3%
The Ugly Truth
24.2%
U-571
23.7%
US Marshals
23.2%
Ultraviolet
23%
Uptown Girls
21.9%
UHF
21.6%
Unknown
20.5%
United 93
20.3%
Unfaithful
18.3%
Untraceable
7.9%

You're not logged in!

Compare scores with friends on all Sporcle quizzes.
Sign Up with Email
OR
Log In

You Might Also Like...

Show Comments

Extras

Top Quizzes Today


Score Distribution

Your Account Isn't Verified!

In order to create a playlist on Sporcle, you need to verify the email address you used during registration. Go to your Sporcle Settings to finish the process.

Report this User

Report this user for behavior that violates our Community Guidelines.

Details: